Statistics for Countries that Touch the Most Seas

Click here to take the quiz!

General Stats

  • This quiz has been taken 922 times
  • The average score is 15 of 18

Answer Stats

# Country % Correct
13Russia
97%
3China
96%
3United States
95%
3United Kingdom
92%
3Japan
91%
13Indonesia
89%
6Italy
89%
4Australia
88%
5France
87%
4Spain
86%
4Greece
84%
4Turkey
84%
4Norway
81%
6Philippines
76%
4Malaysia
75%
3Denmark
63%
3South Korea
60%
3Papua New Guinea
49%

Score Distribution

Percentile by Number Answered

Percent of People with Each Score

Your Score History

You have not taken this quiz